000 01127cam a22002174a 4500
005 20250605164128.0
008 250528s ||||||||||||||||||||||||d
035 _a18528
020 _a471572608
040 _aGR-AtMCL
_bgre
_dGR-AtMCL
_eAACR2
245 1 _aCalculus with Analytical Geometry / Fourth Edition
250 _a4th
260 _bJohn Wiley And Sons, Inc,
_c1992
300 _a1380
520 _aCoordinates and Graphs and Lines, Functions and Limits, Differentiation, Applications of Differentiation, Integration, Applications of the Definite Integral, Logarithm and Exponential Functions, Inverse Trigonometric and Hyperbolic Functions, Techniques of Integration, Improper Integrals; L'Hopital's Rule, Infinite Series, Topics in Analytic Geometry, Polar Coordinates and Parametric Equations, Three-Dimensinal Space; Vectors, Vector-Valued Functions, Partial Derivatives, Multiple Integrals, Topics in Vector Calculus, Second-Order Differential Equations, Appendices, Answers, Index.
700 1 _aAnton Howard
_94793
700 1 _aHerr Albert
_94794
942 _cBK
999 _c3883
_d3883